000
00263nam a2200109Ia 4500
008
190919s9999||||xx |||||||||||||| ||und||
100
_a
Sitagita Speaks
245
0
_a
Corporate etiquette
260
_a
New Delhi
_b
Prentice Hall
_c
1996
300
_a
560
942
_c
BK
999
_c
10630
_d
10630